Statistiken für Alle Städte der Pokémon - Spiele

Klicken Sie hier um das Quiz zu spielen!

Allgemein

  • Dieses Quiz wurde 16 mal gespielt
  • Das Durchschnittsergebnis liegt bei 28 aus 151

Antwortstatistiken

RegionHinweisOrt / Stadt% Korrekt
KantoFriedhofLavandia
73%
KantoAsh's HeimatAlabastia
64%
HoennHeiße QuellenBad Lavastadt
64%
JohtoBianca & MiltankDukatia City
64%
JohtoGlockenturmTeak City
64%
KantoErdordenVertania City
64%
JohtoFlegmon-BrunnenAzalea City
55%
KantoQuellordenAzuria City
55%
HoennKnöchelordenFaustauhaven
55%
KantoFelsordenMarmoria City
55%
KantoSpielhallePrismania City
55%
KantoSilph Co.Saffronia City
55%
HoennMetaflurtunnelWiesenflur
55%
HoennFederordenBaumhausen City
45%
HoennArena vom VaterBlütenburg City
45%
SinnohGalaktik-GebäudeEwigenau
45%
SinnohBlumenladenFlori
45%
HoennProf. KosmosLaubwechselfeld
45%
JohtoEisordenMahagonia City
45%
HoennDynamo-OrdenMalvenfroh City
45%
HoennDevon CorporationMetarost City
45%
JohtoProf. LindNeuborkia
45%
HoennUrzeithöhleXeneroville
45%
KantoVulkanordenZinnoberinsel
45%
SinnohFirnordenBlizzach
36%
JohtoDrachenhöhleEbenholz City
36%
SinnohBergbau / MineErzelingen
36%
SinnohHafen / BibliothekFleetburg
36%
KantoSafari-ZoneFuchsania City
36%
SinnohKnurspereiHerzhofen
36%
KantoPokémon-LigaIndigo Plateau
36%
SinnohPokétch GesellschaftJubelstadt
36%
SinnohDuellparkKampfareal
36%
JohtoLeuchtturmOliviana City
36%
KantoHafenOrania City
36%
JohtoFremdenführerRosalia City
36%
HoennTrank - Geschenk vor MarktRosaltstadt
36%
SinnohProf. EibeSandgemme
36%
HoennTeam Aqua's / Magma's VersteckSeegrasulb City
36%
EinallEisladen / KanalisationStratos City
36%
SinnohRuinen / ZeitungTrostu
36%
JohtoFlügelordenViola City
36%
EinallWeiße BaumhöhleWeißer Wald
36%
HoennProf. BirkWurzelheim
36%
SinnohBänder-SyndikatErholungsgebiet
27%
HoennBaumstämmeFloßbrunn
27%
HoennSchiffswerftGraphitport City
27%
HoennDoppelkampf in ArenaMoosbach City
27%
EinallTriorden/ 3er Kampf in ArenaOrion City
27%
EinallJetordenPanaero City
27%
HoennSiegesstraßePrachtpolis City
27%
SinnohMeteoritenfeldSchleiede
27%
EinallSchwarzes HochhausSchwarze Stadt
27%
SinnohLeuchtturm / LichtordenSonnewik
27%
SinnohAvenaro / DuellarealÜberlebensareal
27%
SinnohWellenbrecher MarinusWeideburg
27%
AlmiaWindspiel-HügelBrisenau
18%
GalarSchatzkammerClaw City
18%
SinnohCynthias FamilieElyses
18%
Einall1. Treffen mit "N"Gavina
18%
AlmiaAltru-ParkHavebrück
18%
KalosPrismaturmIllumina City
18%
EinallTurner-PfadMarea City
18%
EinallUnterseetunnelOndula
18%
AlmiaPartner-FarmSchikolingen
18%
EinallCafé LagerhausSepterna City
18%
EinallFurcht vor KyuremTessera
18%
EinallFährhaus / KinderkrippeVapydro City
18%
Sinnoh1. Anfangsstadt ohne LaborZweiblattdorf
18%
JohtoFaustordenAnemonia City
9%
EinallProf. EscheAvenitia
9%
GalarBahnhofBrassbury
9%
AlmiaVulkanhöhleBrodellande
9%
AlmiaSchlottertalCamp Fröstel
9%
GalarSteakhaus LeckerpaulCirchester
9%
EinallSchwurhainDausing
9%
SeviiTri-Eiland HafenEiland Drei
9%
SeviiPokémon Netzwerk-CenterEiland Eins
9%
SeviiWasserirrgartenEiland Fünf
9%
SeviiWasserwegEiland Sechs
9%
SeviiTrainerturmEiland Sieben
9%
SeviiEiskaskadenhöhleEiland Vier
9%
SeviiKap KanteEiland Zwei
9%
GalarMilza-SeeEngine City
9%
KalosRihorn vor HaustürEscissia
9%
EinallGrundordenEventura City
9%
GalarFeen-OrdenFairballey
9%
EinallZugdrehscheibeFerrula
9%
GalarSchlummerwaldFurlongham
9%
GalarRestaurant WellenfluchtKeelton
9%
EinallEiszapfordenNevaio City
9%
GalarGeister- & Kampf-OrdenPassbeck
9%
AlolaLottervillaPou
9%
EinallRiesenrad / AchterbahnRayono City
9%
GalarRose TowerScore City
9%
GalarUnlicht-OrdenSpikeford
9%
GalarPflanzen-OrdenTurffield
9%
EinallLegendenordenTwindrake City
9%
EinallWellenordenAbidaya City
0%
KalosStarter - Pokémon/ SpitznamenAquarellia
0%
ObliviaSophita-LandwegAquaresort
0%
PaldeaPsycho-ArenaordenAsarilla
0%
KalosKontaktsafariBatika City
0%
PaldeaSonnflora-PlazaBolardin
0%
KalosFlare-GeheimbasisCromlexia
0%
PaldeaHaus von NemilaCucharico
0%
AlolaMount LanakilaDorf der Kapu
0%
AlolaWildnis von PoniDorf des Seevolkes
0%
OrreHeiliger WaldEmeritae
0%
PaldeaRestaurant LotosgartenFermanca City
0%
KalosSonnenuhrFluxia City
0%
KalosEisbergordenFractalia City
0%
GalarFrostfeldFreezedale
0%
KalosFrosthöhleFrescora
0%
PaldeaGeister-ArenaordenFrigomonta
0%
FioreSekra-BergketteFrostberg
0%
PaldeaWasser-ArenaordenGarrafosa City
0%
AlmiaWüsteHaruba -Dorf
0%
AlolaPier von Mele-MeleHauholi City
0%
FioreFang-ArenaHerbstenau
0%
HoennKampfhausKampfresort
0%
AlolaDigda-TunnelKantai City
0%
ObliviaLapras-StrandKokonuba
0%
AlolaAkala - KräuterladenKonikoni City
0%
AlolaMahalo-BergpfadLilii
0%
AlolaPier von Ula-UlaMalihe City
0%
PaldeaOrangen-/ Trauben - AkademieMesalona City
0%
PaldeaNormal-ArenaordenMesclarra
0%
KitakamiApfelhügelMidoriya
0%
PaldeaKäfer-ArenaordenMoldrid
0%
EinallFlugplatzMonsentiero
0%
KalosBahnhofMosaia
0%
KalosKrabbelordenNouvaria City
0%
AlolaAkala - FarmOhana
0%
OrreKids Network HauptquartierOrkus
0%
KalosFossilienlaborPetrophia
0%
OrrePrim-ArenaPhenac
0%
Paldeadt. Name = Schaschlik / SpießPinchores
0%
OrreKrabby-ClubPortaportus
0%
Paldea1. Pokémon-Center in PaldeaPratolido
0%
PaldeaHafenstadtPuerto Marinedo
0%
OrreWindmühlePyritus
0%
KalosWallordenRelievera City
0%
FioreFliederwaldRingstadt
0%
KalosPokéball-FabrikRomantia City
0%
FioreOlivendschungelSommerlingen
0%
KalosRäucherstäbchen-StandTempera City
0%
AlolaUltradimensionUltrametropolis
0%
KalosChâteau TristesseVanitea
0%
ObliviaRiskantes KliffVilla di Agonal
0%
KalosTurm der ErkenntnisYantara City
0%

Verteilung der Resultate

Perzentil nach korrekt beantworteten Fragen

Anzahl Personen mit jedem Resultat

Ihre Resultats-Entwicklung

Sie haben dieses Quiz noch nicht gespielt